Áreas potenciales para unidades de conservación de recursos naturales en Costa Rica (Registro nro. 402)
[ vista simple ]
| 000 -Cabecera | |
|---|---|
| Campo de control de longitud fija | 00587aam a2200217 4500 |
| 005 - Fecha y hora de la última transacción | |
| Campo de control | 20250729142117.0 |
| 008 - Elementos de longitud fija--Información general | |
| Campo de control de longitud fija | 150730b1982 xxu||||| |||| 00| 0 spa d |
| 041 ## - Idioma | |
| Código de idioma | Español |
| 082 ## - Clasificación Decimal Dewey | |
| Número de clasificación | 333.7 A678a |
| 110 ## - Entrada principal--Autor corporativo | |
| Nombre de entidad corporativa | Centro Científico Tropical |
| 245 ## - Título propiamente dicho | |
| Título | Áreas potenciales para unidades de conservación de recursos naturales en Costa Rica |
| 260 ## - Pie de imprenta | |
| Lugar de publicación, distribución, etc. | Costa Rica |
| 260 ## - Pie de imprenta | |
| Nombre del editor, distribuidor, etc. | Ministerio de la Presidencia |
| 260 ## - Pie de imprenta | |
| Fecha de publicación, distribución, etc. | 1982 |
| 300 ## - Descripción física | |
| Extensión | 307 páginas |
| 490 ## - Serie | |
| Título de la Serie | Turismo |
| 650 ## - Materia general | |
| Temática (materia general) | COSTA RICA |
| 650 ## - Materia general | |
| Temática (materia general) | ECOLOGÍA |
| 650 ## - Materia general | |
| Temática (materia general) | RECURSOS NATURALES |
| 942 ## - Punto de acceso adicional KOHA | |
| Tipo de ítem KOHA | Libro |
| Fuente del sistema de clasificación o colocación | Dewey Decimal Classification |
| Signatura completa | Código de barras | Programa Académico | Tipo de ítem |
|---|---|---|---|
| 333.7 A678a | 2105 | Turismo | Libro |